| Tag |
First Indicator |
Second Indicator |
Subfields |
| LEADER |
00000cam a2200000 i 4500 |
| 001 |
in00003483113 |
| 006 |
m o d |
| 007 |
cr cn||||||||| |
| 008 |
131106t20142014pau ob 001 0 eng d |
| 005 |
20250816205540.2 |
| 020 |
|
|
|z 9781466651869
|
| 020 |
|
|
|a 9781466651876 (e-book)
|
| 035 |
|
|
|a (CaPaEBR)ebr10827064
|
| 040 |
|
|
|a CaPaEBR
|b eng
|e rda
|e pn
|c CaPaEBR
|d UtOrBLW
|
| 050 |
1 |
4 |
|a HD30.2
|b .K637675 2014eb
|
| 082 |
0 |
4 |
|a 658.4/038
|2 23
|
| 245 |
0 |
0 |
|a Knowledge management practice in organizations :
|b the view from inside /
|c Ulla de Stricker, editor.
|
| 264 |
|
1 |
|a Hershey, Pennsylvania :
|b Information Science Reference,
|c [2014]
|
| 264 |
|
4 |
|c ©2014
|
| 300 |
|
|
|a 1 online resource (319 pages)
|
| 336 |
|
|
|a text
|b txt
|2 rdacontent
|
| 337 |
|
|
|a computer
|b c
|2 rdamedia
|
| 338 |
|
|
|a online resource
|b cr
|2 rdacarrier
|
| 504 |
|
|
|a Includes bibliographical references and index.
|
| 588 |
|
|
|a Description based on print version record.
|
| 500 |
|
|
|a Electronic resource.
|
| 650 |
|
0 |
|a Knowledge management.
|
| 650 |
|
0 |
|a Information technology
|x Management.
|
| 655 |
|
7 |
|a Electronic books.
|2 local
|
| 700 |
1 |
|
|a De Stricker, Ulla.
|
| 710 |
2 |
|
|a ebrary, Inc.
|
| 776 |
0 |
8 |
|i Print version:
|t Knowledge management practice in organizations : the view from inside.
|d Hershey, Pennsylvania : Information Science Reference, [2014]
|h xv, 303 pages
|z 9781466651869
|z 9781466651890
|w (DLC) 2013044827
|
| 856 |
4 |
1 |
|u https://ebookcentral.proquest.com/lib/tamucs/detail.action?docID=3312878
|y Connect to the full text of this electronic book
|t 0
|
| 999 |
f |
f |
|s 88a19ed5-7a92-3f5c-b597-11fad08fbd74
|i 6a40dd34-6198-3c99-96d5-c65816e99dcb
|t 0
|
| 999 |
|
|
|a MARS
|
| 952 |
f |
f |
|a Texas A&M University
|b College Station
|c Electronic Resources
|d Available Online
|t 0
|e HD30.2 .K637675 2014eb
|h Library of Congress classification
|
| 998 |
f |
f |
|a HD30.2 .K637675 2014eb
|t 0
|l Available Online
|